| 000 | 01306nam a2200229Ia 4500 | ||
|---|---|---|---|
| 001 | IA_7803,05/12/2019,05/12/2019,5232272018 mx nml 8223123322spa16," | ||
| 002 | Guerrero / Flor Cecilia Castro Cruz ; direccion Alejandra Velázquez Castillo ; asesoría Ignacio Covarrubias Gutiérrez y J. Reyez Altamirano Cárdenas | ||
| 008 | 220117sro / xx 000 0 und d | ||
| 010 | _a187873 | ||
| 090 | _aTesis C376 2018 | ||
| 100 |
_aCastro Cruz _9163512 |
||
| 260 |
_aMéxico : _bEl autor, _cro / |
||
| 300 | _axiii | ||
| 500 | _aEl CD contiene reporte y artículo | ||
| 502 | _aTesis (Ing. Agr. Esp. en Ingeniería Agroindustrial) -- UACh. Departamento de Ingeniería Agroindustrial | ||
| 504 | _aBibliografía: h. 137-144 | ||
| 505 | _a4 planos : \ 1.Plano de distribución de áreas de la empacadora de mango (Esc. 1: 100) \ 2.Plano de distribución de áreas y maquinaría de la empacadora (Esc. 1:100) \ 3.Plano de distribución de áreas y flujos de la materia prima y personal (Esc. 1:100) \ 4.Diagrama de flujo de la empacadora de mango (Esc. 1:100) | ||
| 520 | _aEn el año 2016 el estado de Guerrero fue el mayor productor de mango a nivel nacional con el 26.2 por ciento de la producción nacional | ||
| 904 | _aro / | ||
| 942 | _c2018 | ||
| 999 |
_c187873 _d187873 |
||